Christian apologetics. (Record no. 8658)

000 -LEADER
fixed length control field 00542nam a2200181 a 4500
001 - CONTROL NUMBER
control field :::00006434$&:&@@
003 - CONTROL NUMBER IDENTIFIER
control field OkBaRHE
005 - DATE AND TIME OF LATEST TRANSACTION
control field 20000607103331.0
008 - FIXED-LENGTH DATA ELEMENTS--GENERAL INFORMATION
fixed length control field s1978 j 000 0 eng u
040 ## - CATALOGING SOURCE
Transcribing agency
100 1# - MAIN ENTRY--PERSONAL NAME
Personal name Geisler, Norman L.
245 10 - TITLE STATEMENT
Title Christian apologetics.
260 ## - PUBLICATION, DISTRIBUTION, ETC. (IMPRINT)
Place of publication, distribution, etc Grand Rapids, MI., :
Name of publisher, distributor, etc Baker Book House
Date of publication, distribution, etc c1978
300 ## - PHYSICAL DESCRIPTION
Extent 393 p. ;
Dimensions 24 cm.
650 ## - SUBJECT ADDED ENTRY--TOPICAL TERM
Topical term or geographic name as entry element Apologetics
General subdivision 20th Century
942 ## - ADDED ENTRY ELEMENTS (KOHA)
Source of classification or shelving scheme
Koha item type Books
Copies
Lost status Barcode Shelving location Withdrawn status Permanent Location Current Location Full call number Not for loan Copy number Koha item type Total Checkouts Price effective from Date checked out Date acquired Damaged status Date last seen Source of classification or shelving scheme
 6434General Stacks RHEMA Bible Training CollegeRHEMA Bible Training CollegeBT 1102 .G43 1Books12010-04-142013-09-202010-04-14 2014-01-31